| 000 | 02679nam a2200205Ia 4500 | ||
|---|---|---|---|
| 003 | Ost | ||
| 005 | 20260507075726.0 | ||
| 008 | 260507s9999||||xx |||||||||||||| ||und|| | ||
| 040 | _cfsecg | ||
| 041 | _aara | ||
| 082 | _a346.02 | ||
| 100 |
_aالجبوري، علاء عزيز حميد _eمؤلف |
||
| 245 | 0 |
_aعقد الترخيص / _c علاء عزيز حميد الجبوري |
|
| 260 |
_aعمان: _bالدار العلمية الدولية للنشر والتوزيع ودار الثقافة للنشر والتوزيع, _c2003 |
||
| 300 |
_a213 صفحة؛ _c24 سم |
||
| 520 | _aالمقدمة-الفصل التمهيدي : مفهوم عقد الترخيص : الفرع الأول : التعريف بعقد الترخيص : المبحث الأول : محل عقد الترخيص : المبحث الثاني : خصائص محل عقد الترخيص وحمايته والرقابة على مدى استغلاله : الفرع الثاني : معطيات عقد الترخيص : المبحث الأول : سمات عقد الترخيص : المبحث الثاني : تمييز عقد الترخيص عن غيره من المراكز القانونية : الفرع الثالث : أطراف عقد الترخيص : المبحث الأول : المرخص : المبحث الثاني : المرخص له-الفصل الأول : إبرام عقد الترخيص : الفرع الأول : مرحلة التفاوض : المبحث الأول : بدء المفاوضات وضماناتها : الفرع الثاني : الإبرام النهائي لعقد الترخيص : المبحث الأول : إعداد عقد الترخيص-الفصل الثاني : آثار عقد الترخيص : الفرع الأول : حقوق المرخص والتزاماته : المبحث الأول : حقوق المرخص : المبحث الثاني : التزامات المرخص : الفرع الثاني : حقوق المرخص له والتزاماته : المبحث الاول : حقوق المرخص له : المبحث الثاني : التزامات المرخص له-الفصل الثالث : تسوية المنازعات في عقد الترخيص : الفرع الأول : المطالبة القضائية والقانون الواجب التطبيق : الفرع الثاني : التحكيم لتسوية منازعات عقد الترخيص-الفصل الرابع : انقضاء عقد بصفة أصلية : الفرع الأول : انقضاء عقد الترخيص بصفة اصلية : الفرع الثاني : انقضاء عقد الترخيص بصفة تبعية-الخاتمة. | ||
| 653 | _aالتراخيص | ||
| 653 | _aالعقود | ||
| 942 | _cكتاب | ||
| 999 |
_c45983 _d45983 |
||